000 00287nam a22001337a 4500
008 170829b xxu||||| |||| 00| 0 eng d
020 _a9780534217440
041 _aeng
080 _23 ED
_a070
100 _a39
101 _aMED
245 _aMEDIA IMPACT
_cBIAGI.SH
942 _2udc
_cBK
999 _c25333
_d25333